| 000 | 00968nam a2200289 i 4500 | ||
|---|---|---|---|
| 001 | 53414 | ||
| 003 | ES-MaACL | ||
| 005 | 20250819081313.0 | ||
| 007 | t| | ||
| 008 | 031023s2002 sp ||||0| spa j | ||
| 020 | _a84-306-0487-1 | ||
| 040 |
_aM-BN _bspa _cM-BN |
||
| 080 | _a329(460)(091) | ||
| 080 | _a94(460)"1931/39" | ||
| 100 | 1 |
_aTownson, Nigel. _9111192 |
|
| 245 | 1 | 3 |
_aLa República que no pudo ser _b: la política de centro en España (1931-1936) / _cNigel Townson ; traducción de Jorge Vigil. |
| 260 |
_aMadrid : _bTaurus, _c[2002] |
||
| 300 |
_a531 p., [24] p. de lám ; _c24 cm. |
||
| 490 | 1 | _aTaurus historia | |
| 504 | _aBibliografía: p. 491-510. Indice. | ||
| 610 | 2 | 4 |
_aPartido Republicano Federal (España. 1930) _96150 |
| 651 | 4 |
_aEspaña- _xHistoria- _y1931-1939, II República. _98283 |
|
| 830 | 0 |
_aTaurus historia _9180684 |
|
| 852 |
_aES-MaACL _jL-26593 _bR.132257 |
||
| 999 |
_c53414 _d53414 |
||